100 lời khuyên khoa học trong gia đình Tập 4
Đề cập đến tâm sinh lý; Khoa học làm đẹp; Tháo vát; Phòng bệnh, chữa bệnh. Trình bày về vệ sinh, sức khỏe.
Đã lưu trong:
| Tác giả chính: | |
|---|---|
| Định dạng: | Sách |
| Năm xuất bản: |
H.
Khoa học và kỹ thuật
1994
|
| Chủ đề: | |
| Tags: |
Thêm thẻ
Không có thẻ, Hãy là người đầu tiên gắn thẻ bản ghi này!
|
| LEADER | 00765nam a2200181 4500 | ||
|---|---|---|---|
| 082 | |a 646.7 |b M458tr | ||
| 100 | |a Lê Văn Tụy | ||
| 245 | |a 100 lời khuyên khoa học trong gia đình |c Lê Văn Tụy |n Tập 4 | ||
| 260 | |a H. |b Khoa học và kỹ thuật |c 1994 | ||
| 300 | |a 124tr. |c 19cm | ||
| 520 | |a Đề cập đến tâm sinh lý; Khoa học làm đẹp; Tháo vát; Phòng bệnh, chữa bệnh. Trình bày về vệ sinh, sức khỏe. | ||
| 653 | |a Gia đình | ||
| 653 | |a Sức khỏe và vệ sinh | ||
| 653 | |a Khoa học thường thức | ||
| 653 | |a Lời khuyên | ||
| 942 | |2 ddc |c SH | ||
| 999 | |c 7703 |d 7703 | ||
| 952 | |0 0 |1 0 |2 ddc |4 0 |6 646_700000000000000_M458TR |7 0 |8 600 |9 68605 |a qbu |b qbu |c D3 |d 2015-03-16 |g 9000 |o 646.7 M458tr |p 7492.c1 |r 0000-00-00 |w 2015-03-16 |y SH | ||